Dreamworks peliculas - Statistics

General Stats
  • This quiz has been taken 234 times
  • The average score is 10 of 37
Answer Stats
Hint Answer % Correct
5.Un ogro verde y su amigo en busca de una princesa Shrek
93%
10.Una cebra y 3 amigos salen del zoo y acaban en una isla salvaje Madagascar
86%
8.Un ogro se convierte en humano para ganarse a los padres de su mujer Shrek 2
72%
16.Un panda gordo es nombrado "por accidente" el guerrero del dragón Kung fu panda
70%
14.El ogro busca un sucesor para el trono mientras un príncipe pretende desterrarlo Shrek 3
64%
19.Un joven vikingo se hace amigo de un dragón Como entrenar a tu dragón
63%
17.Un león vuelve a África para reencontrarse con su padre Madagascar 2
56%
22.El panda se enfrenta a un pavo real y conoce su pasado Kung fu panda 2
51%
1.Unas hormigas que se aburren de su labor en la colmena Antz
43%
23.Un gato forajido que roba a los ricos El gato con botas
43%
15.Una abeja sale de la colmena al mundo exterior Bee movie
40%
28.Un joven vikingo y su dragón se unen a otros dragones para proteger su aldea Como entrenar a tu dragón 2
36%
33.Un panda se reencuentra con su padre y visita la aldea de los pandas Kung fu panda 3
33%
31.Cuatro pingüinos se unen a un espía para acabar con un enemigo con tentáculos Los pingüinos de Madagascar
32%
26.Un caracol amante de las carreras emprende una aventura para lograr sus sueños Turbo
32%
29.El vikingo se casa con una chica y descubre una cueva de dragones Como entrenar a tu dragón 3
27%
21.Un villano cabezudo azul busca un nuevo superhéroe al que enfrentarse tras derrotar al último Megamind
27%
3.Dos amigos obtienen un mapa que les conduce a una nueva tierra El Dorado
22%
25.Una familia carvernícola intenta sobrevivir al "fin del mundo" con la ayuda de un joven Los croods
22%
4.Unas gallinas quieren escaparse del corral Chicken Run
20%
9.Un pez que s mete en un lío por presumir de algo que no ha hecho El espantatiburones
20%
2.Moisés es el salvador de un pueblo en esta película El príncipe de Egipto
17%
12.Un mapache se aprovecha de la ayuda de sus "amigos" para devolverle la comida a un oso Vecinos invasores
14%
13.Un ratón de ciudad acaba por error en la ciudad de los ratones y hará lo posible por volver haciendo un trato con una rata Ratónpolis
8%
37.Dos amigos de un grupo inetntarán salvar al resto en un mundo de colores y felicidad Trolls
6%
30.Un grupo formado por Pitch, Hada, Meme y Conejo se enfrentan a un enemigo que amenaza a los niños del mundo El origen de los guardianes
5%
20.Un ogro hace un trato para recuperar su antigüo status de ogro Shrek felices para siempre
5%
35.El director de un colegio se piensa que es un superhéroe Capitan calzoncillos
4%
11.En plena plaga, el experimento de un humano sale mal y se convierte en un conejo gigante Wallace y Gromit
3%
32. Un alienígena quiere enmendar un error que casi acaba con su raza Home
2%
24.Un león, una jirafa, un hipopótamo y una cebra se unen a un circo y hacen espectáculos por Europa Madagascar de marcha por Europa
2%
7.Una película situada en el Salvaje Oeste con uncaballo como protagonista Spirit el corcel indomable
2%
34.Una joven descubre un yeti que se escapó de un laboratorio Abominable
1%
36.Un bebé y su hermano se enfrentan a un villano que quiere destruir el amor entre niños y mascotas El bebé jefazo
1%
27.Un pero muy inteligente que dedica su vida a la ciencia Las aventuras de Peabody y Sherman
1%
18.Una humana logra poderes y forma un equipo con unos monstruos para defender la ciudad Monstruos contra aliens
1%
6.Un ladrón que emprende una aventura para salvar a su amigo Simbad el marino
1%
No matching quizzes found
Score Distribution
Percent of People with Each Score
Percentile by Number Answered
Your Score History
You have not taken this quiz